[Event "Stuttgarter Stadtmeisterschaft"]
[Site "Ditzingen"]
[Date "2008.05.04"]
[Round "7.32"]
[White "Riepert, Steffen"]
[Black "Wolff, Sidney Robert"]
[Result "1/2-1/2"]
[WhiteElo "1579"]
[BlackElo "1715"]
[PlyCount "126"]
[EventDate "2008.05.??"]
[EventType "swiss"]
[EventRounds "7"]
[EventCountry "GER"]

1. d4 f5 2. c4 Nf6 3. Nc3 e6 4. Bg5 Be7 5. Nf3 O-O 6. e3 b6 7. Bd3 Bb7 8. O-O
Nc6 9. a3 a6 10. b4 Qe8 11. c5 b5 12. Qb3 Kh8 13. Rad1 Nh5 14. d5 Ne5 15. Nxe5
Bxg5 16. dxe6 dxe6 17. Be2 Nf6 18. Bf3 Bxf3 19. Nxf3 Bh6 20. Ne5 c6 21. Rd6 Rc8
22. Qxe6 Qh5 23. Nxc6 Rfe8 24. Qa2 f4 25. Ne2 f3 26. Ng3 Qh4 27. gxf3 g6 28.
Rd4 Qh3 29. Na5 Rxe3 30. Qd2 Rxf3 31. Rd8+ Rxd8 32. Qxd8+ Ng8 33. c6 Rf8 34.
Qd7 Qxd7 35. cxd7 Rd8 36. Rd1 Nf6 37. Rd6 Bg7 38. Rxa6 Rxd7 39. Ra8+ Ng8 40.
Ne4 h6 41. Nc5 Rf7 42. Nab3 Kh7 43. Rb8 Bb2 44. Rxb5 Bxa3 45. Nd3 Rd7 46. Ndc5
Rd1+ 47. Kg2 Nf6 48. Rb7+ Kg8 49. b5 Rd5 50. Ne6 Nd7 51. Nf4 Rg5+ 52. Kf3 Ne5+
53. Ke2 Bd6 54. Ne6 Rg4 55. b6 Rb4 56. Nbc5 Nc4 57. Rg7+ Kh8 58. Rxg6 Rb2+ 59.
Kf1 Rxb6 60. Rxh6+ Kg8 61. Rh4 Nd2+ 62. Ke2 Rb2 63. Kd3 Nf3 1/2-1/2

[Event "Stuttgarter Stadtmeisterschaft"]
[Site "Ditzingen"]
[Date "2008.05.04"]
[Round "7.33"]
[White "Faerber, Eric"]
[Black "Kaulich, Philipp Theodor"]
[Result "1/2-1/2"]
[WhiteElo "1503"]
[BlackElo "1697"]
[PlyCount "68"]
[EventDate "2008.05.??"]
[EventType "swiss"]
[EventRounds "7"]
[EventCountry "GER"]

1. d4 d5 2. Nf3 Nf6 3. e3 Bf5 4. c4 c6 5. Nc3 e6 6. cxd5 cxd5 7. Bd3 Bxd3 8.
Qxd3 Nc6 9. O-O Bd6 10. Bd2 O-O 11. a3 Na5 12. Rac1 Nc4 13. Rc2 Rc8 14. Re1 Qd7
15. e4 dxe4 16. Nxe4 Nxe4 17. Rxe4 Nxd2 18. Qxd2 Rxc2 19. Qxc2 Rc8 20. Qd2 Qc6
21. Re2 Be7 22. d5 Qc1+ 23. Qe1 Qxe1+ 24. Nxe1 Bf6 25. dxe6 fxe6 26. g3 Rc1 27.
Kg2 Kf7 28. Nd3 Rc6 29. Ne5+ Bxe5 30. Rxe5 a6 31. Re2 Kf6 32. Rd2 Ke7 33. Kf3
Rc4 34. Ke3 Ra4 1/2-1/2

[Event "Stuttgarter Stadtmeisterschaft"]
[Site "Ditzingen"]
[Date "2008.05.04"]
[Round "7.34"]
[White "von Borstel, Andreas"]
[Black "Potthast, Christian"]
[Result "0-1"]
[WhiteElo "1496"]
[BlackElo "1691"]
[PlyCount "100"]
[EventDate "2008.05.??"]
[EventType "swiss"]
[EventRounds "7"]
[EventCountry "GER"]

1. Nf3 Nf6 2. b3 g6 3. Bb2 Bg7 4. c4 O-O 5. e3 c5 6. Qc2 Nc6 7. a3 d6 8. Be2
Bf5 9. d3 a6 10. Nbd2 b5 11. O-O b4 12. a4 Qc7 13. e4 Bd7 14. Rfe1 Ne8 15. Bf1
Bh6 16. h3 Ng7 17. Rad1 Ne6 18. e5 dxe5 19. Bxe5 Nxe5 20. Rxe5 Nd4 21. Nxd4
Qxe5 22. N2f3 Qf6 23. Ne2 Bxh3 24. gxh3 Qxf3 25. Bg2 Qf5 26. Ng3 Qd7 27. Bxa8
Rxa8 28. Kg2 Bg7 29. Re1 Rd8 30. Ne4 e6 31. Kf1 Qc7 32. Kg2 Bd4 33. Qe2 Qf4 34.
Qf3 Qxf3+ 35. Kxf3 Kg7 36. Rd1 h6 37. Rd2 f5 38. Ng3 e5 39. Ne2 Bc3 40. Rd1 e4+
41. Ke3 Bd4+ 42. Nxd4 Rxd4 43. Rd2 Rxd3+ 44. Rxd3 exd3 45. h4 g5 46. hxg5 hxg5
47. Kxd3 Kf6 48. a5 Ke5 49. Ke3 g4 50. f4+ gxf3 0-1

[Event "Stuttgarter Stadtmeisterschaft"]
[Site "Ditzingen"]
[Date "2008.05.04"]
[Round "7.35"]
[White "Matic, Marijo"]
[Black "Holschke, Christian"]
[Result "0-1"]
[WhiteElo "1462"]
[BlackElo "1661"]
[PlyCount "82"]
[EventDate "2008.05.??"]
[EventType "swiss"]
[EventRounds "7"]
[EventCountry "GER"]

1. e4 e5 2. Nf3 Nc6 3. d4 exd4 4. Nxd4 Bc5 5. Be3 Bxd4 6. Bxd4 Nxd4 7. Qxd4 Qg5
8. Nc3 Ne7 9. Qd2 Qxd2+ 10. Kxd2 c6 11. Re1 d6 12. a4 Be6 13. f4 g6 14. Be2 h5
15. h3 O-O-O 16. g4 d5 17. e5 h4 18. a5 Kc7 19. Na4 d4 20. Bf3 Nd5 21. f5 gxf5
22. Nc5 Ne3 23. Nxe6+ fxe6 24. b3 Rhg8 25. c4 Rg7 26. gxf5 Nxf5 27. Bg4 Kd7 28.
Rhf1 Ne3 29. Rf4 Nxg4 30. Rxd4+ Ke7 31. Rxd8 Kxd8 32. hxg4 Rxg4 33. Re3 Ke7 34.
Rf3 Rg3 35. Ke2 Rxf3 36. Kxf3 Kf7 37. b4 a6 38. Kg4 Kg6 39. Kxh4 Kf5 40. Kg3
Kxe5 41. Kf3 Kd4 0-1

[Event "Stuttgarter Stadtmeisterschaft"]
[Site "Ditzingen"]
[Date "2008.05.04"]
[Round "7.36"]
[White "Zimmermann, Tobias"]
[Black "Möller, Albrecht"]
[Result "0-1"]
[WhiteElo "1642"]
[BlackElo "1629"]
[PlyCount "120"]
[EventDate "2008.05.??"]
[EventType "swiss"]
[EventRounds "7"]
[EventCountry "GER"]

1. e4 e5 2. Nf3 Nc6 3. d4 exd4 4. Bc4 d6 5. O-O Be7 6. Nxd4 Nf6 7. Nc3 Bd7 8.
Re1 O-O 9. f4 Re8 10. h3 h6 11. Be3 Bf8 12. Qf3 a6 13. Bf2 Rb8 14. Rad1 b5 15.
e5 Nxd4 16. Bxd4 c5 17. Bxf7+ Kxf7 18. Bxc5 dxc5 19. exf6 Rxe1+ 20. Rxe1 Qxf6
21. Qd5+ Be6 22. Qc6 Re8 23. f5 Qd4+ 24. Kh1 Bd7 25. Qg6+ Kg8 26. Rxe8 Bxe8 27.
Qxe8 Qf2 28. Qe6+ Kh8 29. Qf7 Qf1+ 30. Kh2 Bd6+ 31. g3 Qf2+ 32. Kh1 Qe1+ 33.
Kg2 Qxg3+ 34. Kf1 Qxh3+ 35. Kg1 Qe3+ 36. Kg2 Qg3+ 37. Kf1 Qe5 38. Ne2 Qe7 39.
Qxe7 Bxe7 40. Kf2 Kg8 41. Kf3 Kf7 42. Nf4 a5 43. Nd5 Bd6 44. Kg4 Be5 45. b3 Ke8
46. a3 Kd7 47. c4 bxc4 48. bxc4 Kd6 49. a4 Bb2 50. Nf4 Bd4 51. Ng6 Kd7 52. Nf4
Ke7 53. Nd5+ Kf7 54. Kh5 Bb2 55. Kg4 g6 56. fxg6+ Kxg6 57. Ne7+ Kf6 58. Nc6 Bc3
59. Kh5 Bd2 60. Na7 Ke5 0-1

[Event "Stuttgarter Stadtmeisterschaft"]
[Site "Ditzingen"]
[Date "2008.05.04"]
[Round "7.37"]
[White "Aubel, Stefan"]
[Black "Riasanow, Nikita"]
[Result "1-0"]
[WhiteElo "1634"]
[BlackElo "1259"]
[PlyCount "95"]
[EventDate "2008.05.??"]
[EventType "swiss"]
[EventRounds "7"]
[EventCountry "GER"]

1. e4 e6 2. d4 d5 3. Nd2 Nf6 4. Bd3 Nbd7 5. e5 Ng8 6. Ndf3 c5 7. c3 Ne7 8. Ne2
Nc6 9. Bd2 Be7 10. Rc1 O-O 11. O-O Qc7 12. Bb1 Re8 13. Qc2 g6 14. Bg5 Bf8 15.
Ng3 cxd4 16. cxd4 Bg7 17. h4 h6 18. Bf4 Nf8 19. h5 Qe7 20. hxg6 fxg6 21. Be3
Bd7 22. Ne2 Rac8 23. Qd2 Kh7 24. Nf4 Red8 25. Nh5 Be8 26. g3 Rc7 27. Kg2 Bh8
28. Bxh6 Rdd7 29. Bg5 Qf7 30. Rh1 Kg8 31. Nf6+ Bxf6 32. Bxf6 Nh7 33. Rxh7 Qxh7
34. Rh1 Qxh1+ 35. Kxh1 Rh7+ 36. Kg2 Nb8 37. Nh4 Nd7 38. Bxg6 Bxg6 39. Nxg6 Nxf6
40. exf6 Kf7 41. Qg5 Rc2 42. Ne5+ Kf8 43. f7 Rxf7 44. Nxf7 Kxf7 45. Qh5+ Kf6
46. Qh6+ Kf5 47. Qh7+ Kg5 48. Qxc2 1-0

[Event "Stuttgarter Stadtmeisterschaft"]
[Site "Ditzingen"]
[Date "2008.05.04"]
[Round "7.38"]
[White "Kvetny, Mark"]
[Black "Florio, Antonio"]
[Result "0-1"]
[WhiteElo "1606"]
[BlackElo "1750"]
[PlyCount "72"]
[EventDate "2008.05.??"]
[EventType "swiss"]
[EventRounds "7"]
[EventCountry "GER"]

1. d4 Nf6 2. c4 e6 3. Nc3 Bb4 4. Qc2 b6 5. e4 Bb7 6. Bd3 Qe7 7. Nge2 Na6 8. O-O
e5 9. d5 c6 10. f3 Nc5 11. Bg5 Ba6 12. Rad1 Nxd3 13. Qxd3 Qc5+ 14. Be3 Qxc4 15.
Qxc4 Bxc4 16. Rf2 cxd5 17. Nxd5 Nxd5 18. exd5 Bxa2 19. f4 Bb3 20. Rd3 Bc2 21.
Nc1 Bxd3 22. Nxd3 exf4 23. Rxf4 Be7 24. Re4 Kd8 25. Ne5 Rf8 26. Bd4 Kc7 27. Nc4
Bc5 28. Bxc5 bxc5 29. Kf2 Rab8 30. Kf3 Rb3+ 31. Kf4 Rd3 32. d6+ Rxd6 33. Nxd6
Kxd6 34. Ra4 Rb8 35. Rxa7 Rxb2 36. Kg3 Re2 0-1

[Event "Stuttgarter Stadtmeisterschaft"]
[Site "Ditzingen"]
[Date "2008.05.04"]
[Round "7.39"]
[White "Meinecke, Klaus-Hinrich"]
[Black "Stiller, Norbert"]
[Result "1-0"]
[WhiteElo "1869"]
[BlackElo "1239"]
[PlyCount "93"]
[EventDate "2008.05.??"]
[EventType "swiss"]
[EventRounds "7"]
[EventCountry "GER"]

1. e4 d6 2. d4 Nf6 3. Nc3 g6 4. Be2 Bg7 5. Be3 Nbd7 6. Qd2 O-O 7. f4 Kh8 8.
O-O-O Nb6 9. h3 d5 10. e5 Ne4 11. Nxe4 dxe4 12. c4 c6 13. g4 e6 14. g5 Bd7 15.
Qc2 a5 16. h4 Qe7 17. h5 Kg8 18. Nh3 Qb4 19. Nf2 c5 20. dxc5 Ba4 21. b3 Qa3+
22. Qb2 Qxb2+ 23. Kxb2 Nxc4+ 24. Bxc4 Bc6 25. h6 Bh8 26. Rd6 Rfd8 27. Rhd1 Rxd6
28. Rxd6 Kf8 29. a4 Ke7 30. Ng4 Rd8 31. Rxd8 Kxd8 32. Bd2 Ke7 33. Bxa5 Bd5 34.
Ne3 Bxc4 35. Nxc4 Kd7 36. Kc3 Kc6 37. Kd4 e3 38. Nxe3 b6 39. Bxb6 Kb7 40. b4
Ka6 41. b5+ Kb7 42. Nc4 f6 43. Nd6+ Kb8 44. c6 fxe5+ 45. fxe5 Bxe5+ 46. Kxe5
Ka8 47. Kf6 1-0

[Event "Stuttgarter Stadtmeisterschaft"]
[Site "Ditzingen"]
[Date "2008.05.04"]
[Round "7.40"]
[White "Behm, Wilfried"]
[Black "Carlacci, Umberto"]
[Result "1-0"]
[WhiteElo "1860"]
[BlackElo "1551"]
[PlyCount "105"]
[EventDate "2008.05.??"]
[EventType "swiss"]
[EventRounds "7"]
[EventCountry "GER"]

1. d4 e6 2. c4 f5 3. Nc3 Nf6 4. Nf3 c6 5. Bd2 d5 6. e3 Bd6 7. a3 O-O 8. b4 b6
9. c5 Bc7 10. Be2 Bb7 11. Qc2 b5 12. a4 a6 13. a5 Nbd7 14. Ng5 Qe8 15. f4 Ne4
16. Ncxe4 fxe4 17. O-O-O Nf6 18. g4 Bc8 19. Rdg1 h6 20. Nh3 Nh7 21. Qd1 Qe7 22.
Qe1 g5 23. Rg2 Bd7 24. Rf1 Rf7 25. Rfg1 Raf8 26. Rf2 Kg7 27. Rgf1 Bd8 28. Ng1
Kg8 29. h3 Kg7 30. Bd1 Kg8 31. Ne2 Kg7 32. Ng3 Kg8 33. f5 Bc8 34. fxe6 Bxe6 35.
Nf5 Bxf5 36. gxf5 Qd7 37. Bg4 Nf6 38. Qe2 Nxg4 39. hxg4 Bf6 40. Rh1 Rh7 41.
Rfh2 Kg7 42. Rh5 Rfh8 43. Qh2 Qd8 44. Be1 Qd7 45. Bg3 Qd8 46. Be5 Qe7 47. Qg3
Kf7 48. R1h3 Kg7 49. Qh2 Qe8 50. Bxf6+ Kxf6 51. Rxh6+ Rxh6 52. Rxh6+ Kg7 53.
f6+ 1-0

[Event "Stuttgarter Stadtmeisterschaft"]
[Site "Ditzingen"]
[Date "2008.05.04"]
[Round "7.41"]
[White "Awiszus, Thomas"]
[Black "Drapchin, Marc"]
[Result "1/2-1/2"]
[WhiteElo "1475"]
[BlackElo "1814"]
[PlyCount "27"]
[EventDate "2008.05.??"]
[EventType "swiss"]
[EventRounds "7"]
[EventCountry "GER"]

1. Nf3 Nf6 2. c4 g6 3. Nc3 Bg7 4. g3 d6 5. d4 Nbd7 6. e4 c5 7. d5 O-O 8. Bg2
Nb6 9. Qe2 Ng4 10. O-O Ne5 11. Nd2 e6 12. f4 Ng4 13. Qxg4 exd5 14. Qf3 1/2-1/2

[Event "Stuttgarter Stadtmeisterschaft"]
[Site "Ditzingen"]
[Date "2008.05.04"]
[Round "7.42"]
[White "König, Torsten"]
[Black "Sigmund, Wolfgang"]
[Result "1-0"]
[WhiteElo "1746"]
[BlackElo "1436"]
[PlyCount "27"]
[EventDate "2008.05.??"]
[EventType "swiss"]
[EventRounds "7"]
[EventCountry "GER"]

1. e4 e5 2. Nf3 Nc6 3. Bc4 Bc5 4. b4 Bxb4 5. c3 Ba5 6. d4 exd4 7. O-O Nge7 8.
Ng5 d5 9. exd5 Nxd5 10. Nxf7 Kxf7 11. Qh5+ Kf8 12. Ba3+ Nce7 13. Bxd5 g6 14.
Qe5 1-0

[Event "Stuttgarter Stadtmeisterschaft"]
[Site "Ditzingen"]
[Date "2008.05.04"]
[Round "7.43"]
[White "Mueller, Nils Samuel"]
[Black "Cummings, Orlyn"]
[Result "1-0"]
[WhiteElo "1738"]
[BlackElo "1429"]
[PlyCount "103"]
[EventDate "2008.05.??"]
[EventType "swiss"]
[EventRounds "7"]
[EventCountry "GER"]

1. e4 d6 2. d4 Nf6 3. Nc3 g6 4. Bc4 c6 5. f4 Bg7 6. Nf3 Qc7 7. O-O O-O 8. e5
Ne8 9. a4 d5 10. Bd3 e6 11. g4 f6 12. h4 f5 13. gxf5 gxf5 14. Rf2 Kh8 15. Rg2
Rg8 16. Ng5 Bh6 17. Qh5 Bxg5 18. hxg5 Rg6 19. Rh2 Qg7 20. Bd2 Nd7 21. b4 Qg8
22. Kf2 Nf8 23. Rah1 Bd7 24. b5 cxb5 25. Bxb5 Bxb5 26. Nxb5 Rg7 27. Bb4 Nc7 28.
Bxf8 Rxf8 29. Nxc7 Rxc7 30. Ke3 Rff7 31. Kd2 Qc8 32. Kc1 Qd7 33. g6 Rg7 34. Qg5
Qe8 35. Qf6 Kg8 36. Rg2 hxg6 37. Rxg6 Qxg6 38. Qd8+ Kf7 39. Qxc7+ Kg8 40. Qd8+
Kf7 41. Kb2 b6 42. Rh8 Rg8 43. Qd7+ Kf8 44. Rxg8+ Kxg8 45. Qxa7 Qg4 46. Qxb6
Qxf4 47. Qxe6+ Kf8 48. Qxd5 Qf1 49. Qc5+ Ke8 50. Qb5+ Qxb5+ 51. axb5 Kd7 52.
Kc3 1-0

[Event "Stuttgarter Stadtmeisterschaft"]
[Site "Ditzingen"]
[Date "2008.05.04"]
[Round "7.44"]
[White "Romer, Reinhard"]
[Black "Trobonjaca, Milos"]
[Result "1/2-1/2"]
[WhiteElo "1516"]
[BlackElo "1687"]
[PlyCount "84"]
[EventDate "2008.05.??"]
[EventType "swiss"]
[EventRounds "7"]
[EventCountry "GER"]

1. c4 c5 2. Nc3 Nc6 3. g3 b6 4. Bg2 Bb7 5. Nf3 h5 6. h4 e6 7. d3 Nf6 8. Bf4 d6
9. O-O Be7 10. a3 Nh7 11. Ne4 a6 12. Qc2 e5 13. Bd2 Rb8 14. Nc3 g5 15. Nd5 gxh4
16. Nxe7 Qxe7 17. Nxh4 Kf8 18. Qc1 Ke8 19. Nf5 Qf6 20. Be4 Nd4 21. Nxd4 cxd4
22. Bxb7 Rxb7 23. f4 Qg7 24. Rf3 h4 25. Kf2 Rg8 26. Qg1 h3 27. Qh2 Qg4 28. Rh1
f6 29. Qxh3 Qxh3 30. Rxh3 Rbg7 31. e3 dxe3+ 32. Bxe3 b5 33. cxb5 axb5 34. Bd2
Nf8 35. Bb4 Kd7 36. fxe5 fxe5 37. Rh6 Ne6 38. Rhf6 Rg6 39. Rxg6 Rxg6 40. Bc3
Kc6 41. Ke3 Kd5 42. Kf2 Rg4 1/2-1/2

[Event "Stuttgarter Stadtmeisterschaft"]
[Site "Ditzingen"]
[Date "2008.05.04"]
[Round "7.45"]
[White "Srokovskiy, Andrea"]
[Black "Wolf, Adam"]
[Result "1/2-1/2"]
[WhiteElo "1604"]
[BlackElo "1398"]
[PlyCount "88"]
[EventDate "2008.05.??"]
[EventType "swiss"]
[EventRounds "7"]
[EventCountry "GER"]

1. e4 d6 2. d4 g6 3. Nf3 Nf6 4. Nc3 Bg7 5. Bd3 Bg4 6. h3 Bxf3 7. Qxf3 Nc6 8.
Be3 O-O 9. O-O-O a6 10. Rhe1 e5 11. d5 Ne7 12. Bg5 Nd7 13. Qg4 Nc5 14. Qh4 f6
15. Bh6 Kf7 16. Re3 Rh8 17. Rf3 Ng8 18. Bxg7 Kxg7 19. Ne2 Qe7 20. Ng3 Kf7 21.
Ne2 Rf8 22. Ng3 Ke8 23. Ne2 Qg7 24. Qg4 Ne7 25. b4 Nxd3+ 26. Rdxd3 f5 27. exf5
Rxf5 28. Rxf5 Nxf5 29. Kb1 Rf8 30. Rf3 Qd7 31. Ng3 c6 32. dxc6 bxc6 33. a3 d5
34. h4 Rf7 35. Nxf5 Rxf5 36. Rxf5 Qxf5 37. Qxf5 gxf5 38. c4 d4 39. a4 Kd7 40.
Kc2 e4 41. Kd2 f4 42. Ke2 h5 43. Kd2 Kd6 44. a5 Kc7 1/2-1/2

[Event "Stuttgarter Stadtmeisterschaft"]
[Site "Ditzingen"]
[Date "2008.05.04"]
[Round "7.46"]
[White "Kruck, Mathias"]
[Black "Lin, Jean-Claude"]
[Result "1-0"]
[WhiteElo "1583"]
[BlackElo "1396"]
[PlyCount "69"]
[EventDate "2008.05.??"]
[EventType "swiss"]
[EventRounds "7"]
[EventCountry "GER"]

1. Nf3 Nf6 2. c4 e6 3. d4 c5 4. Nc3 cxd4 5. Nxd4 e5 6. Nf3 Nc6 7. g3 Bb4 8. Bd2
a6 9. Bg2 O-O 10. O-O Re8 11. e3 b5 12. cxb5 Bxc3 13. Bxc3 axb5 14. Nxe5 b4 15.
Nxc6 dxc6 16. Bxb4 Qb6 17. a3 Rd8 18. Qc2 Bb7 19. Rfd1 Nd5 20. Bc5 Qc7 21. b4
Rac8 22. Rac1 Qe5 23. Bd4 Qe6 24. Qb3 h5 25. e4 Qh6 26. exd5 cxd5 27. Rxc8 Rxc8
28. Be3 Qf6 29. Bxd5 Bxd5 30. Qxd5 h4 31. Bg5 Qb2 32. Qf3 h3 33. Kf1 Rc3 34.
Rd8+ Kh7 35. Qf5+ 1-0

[Event "Stuttgarter Stadtmeisterschaft"]
[Site "Ditzingen"]
[Date "2008.05.04"]
[Round "7.47"]
[White "Schmitz, Harald"]
[Black "Aleman, Tilman"]
[Result "1-0"]
[WhiteElo "1559"]
[BlackElo "1351"]
[PlyCount "43"]
[EventDate "2008.05.??"]
[EventType "swiss"]
[EventRounds "7"]
[EventCountry "GER"]

1. e4 e6 2. d4 d5 3. exd5 exd5 4. Bd3 Nf6 5. Ne2 Be7 6. O-O O-O 7. Bf4 Be6 8.
Re1 Re8 9. c3 Nbd7 10. Qc2 h6 11. Ng3 Nf8 12. Nd2 N8h7 13. Nf3 Bd6 14. Ne5 g6
15. Bxh6 g5 16. f4 gxf4 17. Bxf4 Kg7 18. Qd2 Ng4 19. Nh5+ Kh8 20. h3 Nxe5 21.
Bxe5+ Bxe5 22. Qh6 1-0

[Event "Stuttgarter Stadtmeisterschaft"]
[Site "Ditzingen"]
[Date "2008.05.04"]
[Round "7.48"]
[White "Pillath, Marcus"]
[Black "Giugno, Carmelo"]
[Result "1/2-1/2"]
[WhiteElo "1738"]
[BlackElo "1503"]
[PlyCount "30"]
[EventDate "2008.05.??"]
[EventType "swiss"]
[EventRounds "7"]
[EventCountry "GER"]

1. d4 Nf6 2. Nf3 g6 3. c3 Bg7 4. Bf4 d6 5. e3 b6 6. Be2 Bb7 7. Nbd2 Nbd7 8. h3
c5 9. O-O Rc8 10. Rc1 O-O 11. Qa4 a5 12. Qb3 Qc7 13. a3 e5 14. dxe5 dxe5 15.
Bg3 Bd5 1/2-1/2

[Event "Stuttgarter Stadtmeisterschaft"]
[Site "Ditzingen"]
[Date "2008.05.04"]
[Round "7.49"]
[White "Parvin, Shahram"]
[Black "Grözinger, Werner"]
[Result "1-0"]
[WhiteElo "1467"]
[BlackElo "1451"]
[PlyCount "57"]
[EventDate "2008.05.??"]
[EventType "swiss"]
[EventRounds "7"]
[EventCountry "GER"]

1. d4 d5 2. c4 dxc4 3. e4 g6 4. Bxc4 e6 5. e5 Ne7 6. Bg5 h6 7. Bf6 Rg8 8. Nf3
Bg7 9. Bxe7 Qxe7 10. Nc3 c6 11. Qb3 b6 12. Ne4 Na6 13. Nd6+ Kd7 14. Nxc8 Qb4+
15. Qc3 Qxc3+ 16. bxc3 b5 17. Bxb5 cxb5 18. Nd6 f5 19. Nxb5 Rgc8 20. Kd2 Kc6
21. a4 g5 22. Kd3 Kd5 23. Nd2 Kc6 24. Nc4 Bf8 25. Ncd6 Rd8 26. Nc4 Nc5+ 27. Kc2
Ne4 28. f3 Kd5 29. Ne3+ 1-0

[Event "Stuttgarter Stadtmeisterschaft"]
[Site "Ditzingen"]
[Date "2008.05.04"]
[Round "7.51"]
[White "Tessmer, Hans-Peter"]
[Black "Brosig, Michael"]
[Result "1/2-1/2"]
[WhiteElo "1610"]
[BlackElo "1504"]
[PlyCount "26"]
[EventDate "2008.05.??"]
[EventType "swiss"]
[EventRounds "7"]
[EventCountry "GER"]

1. e4 c5 2. Nf3 Nc6 3. d4 cxd4 4. Nxd4 d6 5. Nc3 Nf6 6. Bg5 e6 7. Qd2 Be7 8. f4
h6 9. Bxf6 Bxf6 10. Nb3 Qb6 11. O-O-O Be7 12. g4 Bd7 13. Bd3 a6 1/2-1/2